banner-ar

MACKIE AND MCCARTNEY MEDICAL MICROBIOLOGY. / (Record no. 20479)

MARC details
000 -الفاتح
حقل البيانات ثابتة الطول 00528nam a2200217Ia 4500
008 - عناصر البيانات ثابتة الطول - معلومات عامة
حقل البيانات ثابتة الطول 140319s9999 xx 000 0 eng d
040 ## - مصدر الفهرسة
وكالة الفهرسة الأصلية GCL /
وكالة النسخ GCL
082 04 - رقم تصنيف ديوى العشرى
رقم التصنيف 616.01
رقم المادة O M
100 1# - المدخل الرئيسى - إسم شخصى
الإسم الشخصى SWAIN, R.H.A.
245 10 - بيان العنوان
العنوان MACKIE AND MCCARTNEY MEDICAL MICROBIOLOGY. /
بيان المسئوليه,etc SWAIN, R.H.A.
700 1# - المدخل الاضافى - اسم شخصى
الإسم الشخصى DUGUID, J.P
700 1# - المدخل الاضافى - اسم شخصى
الإسم الشخصى MARMION, B.P
300 ## - الوصف المادى
التعداد 666 P
650 04 - المدخل الاضافى بالموضوع-مصطلح موضوعى
مصطلح موضوعي BIOLOGY
650 04 - المدخل الاضافى بالموضوع-مصطلح موضوعى
مصطلح موضوعي VIROLOGY
650 04 - المدخل الاضافى بالموضوع-مصطلح موضوعى
مصطلح موضوعي MICROBIOLOGY
650 04 - المدخل الاضافى بالموضوع-مصطلح موضوعى
مصطلح موضوعي BECTERIOLOGY
942 ## - عناصر المدخل الإضافي( كوها)
مصدر التصنيف او مخطط الترفيف Dewey Decimal Classification
Koha [default] item type كتاب
260 ## - PUBLICATION, DISTRIBUTION, ETC. (IMPRINT)
-- [S.N] :
-- ELBS
Holdings
حالة التراجع حالة الفقد حالة تلف ليس للاعارة المكان المؤقت الموقع الحالى تاريخ الاكتساب اجمالي اﻻعارات رقم الطلب الباركود تاريخ اخر مشاهدة تاريخ تفعيل السعر نوع وعاء كوها
        مكتبة القاهرة الكبرى مكتبة القاهرة الكبرى 03/26/2014   616.01\O M 38386 03/26/2014 03/26/2014 كتاب

Powered By

EGPV